Chudí lidé – pokračování /
Chudí lidé – pokračování Psychologická novela Chudí lidé – pokračování sleduje osudy obyvatel malého města K, kteří se po letech nejistoty učí znovu stavět své životy na práci, důvěře a vzájemné podpoře. V centru dění stojí dílna, která se z prostého místa řemesla mění v symbol soudržnosti a naděje....
Uloženo v:
| Hlavní autor: | |
|---|---|
| Médium: | E-kniha |
| Jazyk: | Czech |
| Vydáno: |
Praha :
PPKPP,
2026
|
| Tagy: |
Žádné tagy |
| LEADER | 02162nam a22002297i 4500 | ||
|---|---|---|---|
| 001 | 297610 | ||
| 007 | ta | ||
| 008 | 260417s2026 xr ||||| |||| 00| 0 cze d | ||
| 020 | |a 9990004262348 | ||
| 044 | |a xr | ||
| 100 | 1 | |a Kostka, Pavel |4 aut | |
| 245 | 1 | 0 | |a Chudí lidé – pokračování / |c Kostka, Pavel |
| 264 | 1 | |a Praha : |b PPKPP, |c 2026 | |
| 300 | |a 1 online zdroj (95 stran) | ||
| 336 | |a text |b txt |2 rdacontent | ||
| 337 | |a bez média |b n |2 rdamedia | ||
| 338 | |a online zdroj |b cr |2 rdacarrier | ||
| 520 | 2 | |a Chudí lidé – pokračování Psychologická novela Chudí lidé – pokračování sleduje osudy obyvatel malého města K, kteří se po letech nejistoty učí znovu stavět své životy na práci, důvěře a vzájemné podpoře. V centru dění stojí dílna, která se z prostého místa řemesla mění v symbol soudržnosti a naděje. Každý košík, každá tkanina a každý kus dřeva nese příběh lidí kteří se rozhodli nevzdat se ani ve chvílích kdy se svět kolem nich mění rychleji než oni sami. Autor Pavel Kostka - PPKPP sleduje s jemnou psychologickou přesností vztahy mezi jednotlivci i celou komunitou. Vztah Anny a Jakuba se vyvíjí na pozadí každodenních starostí, zatímco Matějův notýsek se stává kronikou jejich společného úsilí. Do města přicházejí nové výzvy, nové tváře i nové hrozby a každé rozhodnutí má svou cenu. Tato novela není jen příběhem o chudobě a práci. Je to příběh o lidské důstojnosti, o odvaze měnit svět kolem sebe a o tom že i malé společenství může najít svou sílu v okamžicích kdy se zdá, že vše stojí proti němu. Dílo volně navazuje na motivy z povídky Boženy Němcové Karla, ale vytváří vlastní svět, vlastní postavy a vlastní cestu. | |
| 910 | |a RBIT002 | ||
| 998 | |d 426234 |a https://core.palmknihy.cz/api/books/426234/cover?tdjud2 |b https://core.palmknihy.cz/api/books/426234/cover/400?tdjud2 |c https://core.palmknihy.cz/api/books/426234/cover/50?tdjud2 |e |g 95 |i 9990004262348 |j https://core.palmknihy.cz/api/books/426234/preview.epub |l |q 49 |r 1 |s https://www.palmknihy.cz/kniha/426234 |t ebook |y 2026 |z 1 | ||
| 999 | |d 297608 | ||